=LDR 00000nam 2200000 4500 =001 INLIS000000000018161 =005 20130612113338 =008 ***********************************Ind** =035 ##$$0010-061300000018161 =041 ##$$a Ind =082 ##$$a 633.84 =090 ##$$a 633.84, Pra a =100 ##$$a Prajnantal, Final =245 ##$$a Agribisnis cabai hebrida, oleh Final Prajnanta =260 ##$$a 1995 $b Jakarta =300 ##$$a ix, 162 hlm, ilus, 20 cm =650 ##$$a Cabe =850 ##$$a NBPNMAT =990 ##$$a 0239/BPAP-NTB/2016